Author Initials - Statistics

General Stats
  • This quiz has been taken 15 times
  • The average score is 6 of 17
Answer Stats
Hint Answer % Correct
C.S. Lewis Clive Staples
70%
J.K. Rowling Joanne Kathleen
50%
J.R.R. Tolkien John Ronald Reuel
50%
T.S. Eliot Thomas Stearns
50%
H.P. Lovecraft Howard Phillips
40%
J.D. Salinger Jerome David
40%
L.M. Montgomery Lucy Maud
40%
A.A. Milne Alan Alexander
30%
H.G. Wells Herbert George
30%
P.G. Wodehouse Pelham Grenville
30%
V.C. Andrews Cleo Virginia
20%
E.B. White Elwyn Brooks
20%
G.K. Chesterton Gilbert Keith
20%
J.M. Barrie James Matthew
20%
S.E. Hinton Susan Eloise
20%
W.H. Auden Wystan Hugh
20%
E.E. Cummings Edward Estlin
10%
No matching quizzes found
Score Distribution
Percent of People with Each Score
Percentile by Number Answered
Your Score History
You have not taken this quiz